Česko-Slovensko 3:0 v treťom (druhom oficiálnom) prípravnom stretnutí volejbalistiek

Bibliographic Details
Format: Article
Language:Slovak
Subjects:

MARC

LEADER 00000nab a2200000 a 4500
001 vtls000723476
003 SK-MaSNL
005 20260302195927.0
008 180206c2000 xo 0 slo
015 |a SNBRB2000/06-16223 
035 |a CLN000075642 
040 |a SNKBUCL  |b slo  |c SNKBUCL  |e AACR2 
041 0 |a slo 
044 |a xo  |c SK 
080 |a 796.325.093.1  |2 UDC-MRF-SK2 
245 0 0 |a Česko-Slovensko 3:0  |b v treťom (druhom oficiálnom) prípravnom stretnutí volejbalistiek 
650 0 7 |a volejbal  |x ženy  |x Slovensko-Česko  |z Mladá Boleslav (Česko)  |y 2000  |2 snkbucl  |9 918164 
655 7 |a články z novín a časopisov  |2 snkbucl  |9 267496 
773 0 |t Šport  |g Roč. 54, č. 117 (23.5.2000), s. 5 
850 |a Slovenská národná knižnica v Martine 
852 |a SNK  |b KIS3GCP 
958 |a RBX 
999 |c 1454513  |d 1456443